20 największych miast Kaukazu - Statystyki

Ogólne statystyki
  • Ten quiz został rozwiązany 38 razy
    32 od ostatniego zresetowania
  • Średni wynik to 7 z 20
Statystyki odpowiedzi
Państwo Miasto % Poprawnych
Azerbejdżan Baku
97%
Armenia Erywań
93%
Gruzja Tbilisi
93%
Gruzja Batumi
70%
Rosja (Czeczenia) Grozny
70%
Rosja Soczi
50%
Rosja Krasnodar
47%
Rosja Machaczkała
43%
Rosja Rostów nad Donem
33%
Rosja Wołgograd
30%
Rosja Astrachań
17%
Rosja Stawropol
17%
Azerbejdżan Gandża
13%
Armenia Giumri
13%
Rosja Nalczyk
10%
Rosja Tiumeń
7%
Rosja Krasnojarsk
3%
Rosja Noworosyjsk
3%
Rosja Czelabińsk
0%
Rosja Maikop
0%
Nie znaleziono quizów pasujących do podanych kryteriów
Rozkład punktacji
Procent ludzi z każdym wynikiem
Percentyl według liczby udzielonych odpowiedzi
Twoja historia wyników
Nie rozwiązałeś tego quizu od ostatniego zresetowania